000
00323nam a22001697a 4500
005
20260317102222.0
008
260317b ||||| |||| 00| 0 eng d
082
_2
1
245
_a
The Lion King
264
1
_3
1
336
_2
1
337
_2
1
338
_2
1
526
_a
000-099
655
_2
1
942
_2
ddc
_c
PER
_0
2
999
_c
923
_d
923